Psychosociální problémy adolescentů /

Main Author: Záškodná, Helena
Corporate Author: Jihočeská univerzita. Zdravotně sociální fakulta
Language: Czech
Published: České Budějovice : Jihočeská univerzita, 1998
Edition: 1. vyd.
Online Access: Digitalizovaný dokument
Physical Description: 93 s. ; 29 cm
Book
Saved in:
LEADER 01724nam a2200421 a 4500
001 000384501
003 CZ BrMZK
005 20210319164933.0
007 ta
008 980115s1998 xr e p 0 cze d
015 |a cnb000643207 
020 |a 80-7040-306-3 
035 |a (OCoLC)41219957 
040 |a BOA001  |b cze 
072 7 |a 364  |x Sociální problémy vyžadující podporu a pomoc. Sociální zabezpečení  |2 Konspekt  |9 18 
072 7 |a 37.016  |x Učební osnovy. Vyučovací předměty. Učebnice  |2 Konspekt  |9 22 
080 |a 316.346.32-053.6  |2 MRF 
080 |a 364.692:615.015.6  |2 MRF 
080 |a 364.692:[663.51:615.015.6]  |2 MRF 
080 |a 364-212  |2 MRF 
080 |a (075.8)  |2 MRF 
100 1 |a Záškodná, Helena  |7 jn20001005730  |4 aut 
245 1 0 |a Psychosociální problémy adolescentů /  |c Helena Záškodná 
250 |a 1. vyd. 
260 |a České Budějovice :  |b Jihočeská univerzita,  |c 1998 
300 |a 93 s. ;  |c 29 cm 
500 |a Určeno pro posl. zdrav. sociál. fak. - Bibliogr. 
500 |a Dostupné též v digitální podobě v aplikaci Kramerius 
650 0 7 |a mládež  |7 ph115333  |2 czenas 
650 0 7 |a drogová závislost  |7 ph117184  |2 czenas 
650 0 7 |a alkoholismus  |7 ph118354  |2 czenas 
650 0 7 |a prevence (sociální problémy)  |7 ph138923  |2 czenas 
655 7 |a učebnice vysokých škol  |7 fd133772  |2 czenas 
710 2 |a Jihočeská univerzita.  |b Zdravotně sociální fakulta  |7 kn20010710225 
856 4 1 |u http://www.digitalniknihovna.cz/mzk/uuid/uuid:39b5bb60-385d-11ef-9fa1-5ef3fc9bb22f  |y Digitalizovaný dokument  |x NDK 
910 |a BOA001  |b 4-1053.924 
990 |a BK 
996 7 |b 2610084161  |c 4-1053.924  |l MZK  |r Sklad / do 1 hodiny  |n 51  |p p.v.  |w 000384501  |u 000010  |a 1  |e BOA001  |j MZK50  |s A